| 000 | 01270nam a2200337Ia 4500 | ||
|---|---|---|---|
| 001 | Z_6581 | ||
| 003 | CHAP | ||
| 005 | 20230913192015.0 | ||
| 008 | 220113s2013 xx 000 0 und d | ||
| 010 | _a169852 | ||
| 040 | _cCHAP | ||
| 090 | _aTesis F33 2322 | ||
| 100 |
_aFabián Barrios, Enelvi _9125900 |
||
| 245 |
_aCaracterización de las publicaciones sobre mejoramiento genético animal en revistas científicas de México / _cEnelvi Fabián Barrios |
||
| 260 |
_aMéxico : _bEl autor, _c2013 |
||
| 300 | _a80 p | ||
| 502 | _aTesis (Ingeniero Agrónomo Especialista en Zootecnia) -- UACh, 2013 \ Dirección: Rodolfo Ramírez Valverde; asesoría: Luis Antonio Saavedra Jiménez y Alejandro Lara Bueno | ||
| 650 |
_aAgrociencia _9145255 |
||
| 650 |
_aTécnica pecuaria en México _9145256 |
||
| 650 |
_aTropical and subropical agroecosystems _9145257 |
||
| 650 |
_aVeterinaria México _9145258 |
||
| 700 |
_a Lara Bueno, Alejandro, asesor _9145227 |
||
| 700 |
_a Saavedra Jiménez, Luis Antonio, asesor _9145259 |
||
| 700 |
_aRamírez Valverde, Rodolfo, director _9143292 |
||
| 856 | 4 | 2 |
_uhttp://10.13.5.2/tesis/sist108848.pdf _yDescargar PDF |
| 901 | _aTESIS F33 2322 | ||
| 902 | _aA | ||
| 910 | _a2013 | ||
| 942 |
_c2 _2ddc |
||
| 942 |
_c2 _2ddc |
||
| 999 |
_c169852 _d169852 |
||